Paddington Bear Quiz - Statistics

General Stats
  • This quiz has been taken 55 times
  • The average score is 8 of 15
Answer Stats
Question Answer % Correct
Spread he likes best on sandwiches Marmalade
93%
Country Paddington is originally from Peru
88%
Family Paddington goes to live with The Browns
86%
UK city he lives in London
84%
Colour of his famous duffle coat Blue
81%
Paddington's aunt Aunt Lucy
79%
Monarch Paddington had tea with for her jubilee in 2022 Queen Elizabeth II
72%
Chocolate company that launched a Paddington branded bar in 1977 Cadbury
35%
Words on the label Paddington wears Please look after this bear
35%
Coin he was issued on in 2018 to celebrate his 60th anniversary 50p
33%
Actor who voiced Paddington in the 2014 film Ben Whishaw
33%
Author of Paddington Bear books Michael Bond
33%
His antique shop owning friend Mr Gruber
33%
Breed of bear Paddington is Spectacled bear
12%
Paddington's housekeeper friend Mrs Bird
9%
No matching quizzes found
Score Distribution
Percent of People with Each Score
Percentile by Number Answered
Your Score History
You have not taken this quiz